Les 20 mangas les plus vendues en France - Statistiques

Statistiques générales
  • Ce quiz a été pris 990 fois
    216 depuis la dernière actualisation
  • Le résultat moyen est 11 sur 20
Statistiques - réponses
Classement Nom Du Manga Nombre approximative d'exemplaire vendues % Correct
1 One Piece 28 Millions
100%
3 Naruto 16 Millions
96%
2 Dragon Ball 26 Millions
93%
13 Bleach 5 Millions
82%
4 Demon Slayer 15 Millions
75%
5 L'attaque des titans 14 Millions
73%
7 My Hero academia 9 Millions
71%
6 Jujutsu Kaisen 10 Millions
70%
15 Death Note 4 millions
63%
18 Blue Lock 4 Millions
47%
12 Fairy Tail 5 Millions
47%
17 One Punch Man 4 Millions
47%
14 Assassination Classroom 4 Millions
31%
16 FullMetal Alchemist 4 Millions
28%
19 Spy X Family 3 Millions
27%
8 Tokyo Revengers 8 Millions
27%
9 Black Clover 7 Millions
25%
11 Boruto 6 Millions
25%
10 Haikyuu!! 6 Millions
25%
20 Solo leveling 3 Millions
17%
Aucun quiz correspondant
Distribution des résultats
% des personnes avec chaque résultat
Percentile par nombre de réponses
Votre historique - résultats
Vous n’avez pas pris ce quiz depuis la dernière actualisation